• 首页
  • 本馆介绍
  • 公告通知
  • 最新文献
  • 馆藏检索
  • 电子资源
  • 读者导购
  • 参考咨询
  • 我的图书馆
  • 登录
  • 详细信息显示
  • 放入我的书架
  • 预约/预借图书
  • 作者相关作品
  • 分类相关作品
  • 丛书相关作品
  • 出版社相关作品

书目信息

  • 表格格式
  • 工作单格式
  • 卡片格式
题名:
绿色转型发展
    
 
作者: 谷树忠 , 谢美娥 , 张新华 著
分册:  
出版信息: 杭州   浙江大学出版社  2016
页数: 286页
开本: 24cm
丛书名: 大国大转型——中国经济转型与创新发展丛书
单 册:
中图分类: F124.5
科图分类:
主题词: 绿色经济--lv se jing ji--经济发展--研究--中国
电子资源:
ISBN: 978-7-308-15416-1
000 01362nam0 22003011 450
001 1731240260
005 20170602161215.0
010    @a978-7-308-15416-1@dCNY48.00
100    @a20160418d2016 em y0chiy50 ea
101 0  @achi
102    @aCN@b330000
105    @ay z 000yy
106    @ar
200 1  @a绿色转型发展@Alv se zhuai xing fa zhan@dGreen transformation and development@f谷树忠,谢美娥,张新华著@zeng
210    @a杭州@c浙江大学出版社@d2016
215    @a286页@d24cm
225 2  @a大国大转型——中国经济转型与创新发展丛书@Ada guo da zhuai xing zhong guo jing ji zhuai xing yu chuang xin fa zhan cong shu
300    @a“十二五”国家重点图书出版规划项目
330    @a本书从绿色和绿色发展的内涵和特征说起,分析了我国绿色转型发展的压力、动力和阻力,进而从绿色财政、绿色金融、绿色科技、绿色消费和绿色城镇化等阐述了我国绿色转型发展的重点领域或主要路径,还讨论了旨在促进绿色转型发展的干部考核制度的改革和完善等问题。
461  0 @12001 @a大国大转型——中国经济转型与创新发展丛书
510 1  @aGreen transformation and development@zeng
606 0  @a绿色经济@Alv se jing ji@x经济发展@x研究@y中国
690    @aF124.5@v5
701  0 @a谷树忠@Agu shu zhong@f(1963~)@4著
701  0 @a谢美娥@Axie mei e@c(生态经济)@4著
701  0 @a张新华@Azhang xin hua@c(资源经济)@4著
801  0 @aCN@bTANG WEI@c20170527
905    @b0970648-52@dF124.5@e294@f5
    
    绿色转型发展=Green transformation and development/谷树忠,谢美娥,张新华著.-杭州:浙江大学出版社,2016
    286页;24cm.-(大国大转型——中国经济转型与创新发展丛书)
    “十二五”国家重点图书出版规划项目
    
    ISBN 978-7-308-15416-1:CNY48.00
    本书从绿色和绿色发展的内涵和特征说起,分析了我国绿色转型发展的压力、动力和阻力,进而从绿色财政、绿色金融、绿色科技、绿色消费和绿色城镇化等阐述了我国绿色转型发展的重点领域或主要路径,还讨论了旨在促进绿色转型发展的干部考核制度的改革和完善等问题。
●
相关链接 在E读中查询图书 在五车中查询图书 在当当中查询图书 在豆瓣中查询图书


正题名:绿色转型发展     索取号:F124.5/294         预约/预借

序号 登录号 条形码 馆藏地/架位号 状态 备注
1 0970648   209706488   第一样本阅览室/ [索取号:F124.5/294] 在馆    
2 0970649   209706497   第一借阅区/ [索取号:F124.5/294] 在馆    
3 0970650   209706503   第一借阅区/ [索取号:F124.5/294] 在馆    
4 0970651   209706512   第一借阅区/ [索取号:F124.5/294] 在馆    
5 0970652   209706521   密集书库-海洋学院/ [索取号:F124.5/294] 在馆    
唐山师范学院图书馆 欢迎您!
大连网信软件有限公司© 版权所有